000 00758nam a22002055i 4500
001 158253
003 ES-MaACL
005 20230906211057.0
008 040825s1871 it a |||| | ita d
040 _aCAM
_bspa
_cCAM
100 1 _aLussana, F.
_9129160
245 1 0 _aFisiologia dei centri nervosi encefalici /
_cF. Lussana e A. Lemoigne.
260 _aPadova :
_bR. Stab. di P. Prosperini edit.,
_c1871.
300 _a2 v. :
_bil. ;
_c24 cm.
505 8 _aT.I: Cervello e mesencefalo (388 p., [34] h. de lám.) - T.II: Sistema peduncolare e cervelletto (344 p., [9] h. de lám.)
650 4 _aSistema nervioso.
_917133
700 1 1 _aLemoigne, A.
_9128868
752 _aItalia -
_dPadua
852 _aES-MaACL
_jF-10457-10458
_z-- Enc. pasta española
999 _c158253
_d158253